Biện pháp rèn luyện kỹ năng mềm cho sinh viên trường Đại học Cần Thơ : Báo cáo tổng kết đề tài khoa học và công nghệ cấp Trường

Khảo sát thức trạng và đề xuất các biện pháp rèn luyện kỹ năng mềm cho sinh viên Đại học Cần Thơ

محفوظ في:
التفاصيل البيبلوغرافية
المؤلف الرئيسي: Trần, Lương
التنسيق: كتاب
اللغة:Undetermined
منشور في: Cần Thơ Trường Đại học Cần Thơ 2015
الموضوعات:
الوسوم: إضافة وسم
لا توجد وسوم, كن أول من يضع وسما على هذه التسجيلة!
Thư viện lưu trữ: Trung tâm Học liệu Trường Đại học Cần Thơ
LEADER 01100nam a2200229Ia 4500
001 CTU_210277
008 210402s9999 xx 000 0 und d
082 |a 378.130 
082 |b L561 
088 |a T2014-75 
100 |a Trần, Lương 
245 0 |a Biện pháp rèn luyện kỹ năng mềm cho sinh viên trường Đại học Cần Thơ : 
245 0 |b Báo cáo tổng kết đề tài khoa học và công nghệ cấp Trường 
245 0 |c Trần Lương (chủ nhiệm đề tài) 
260 |a Cần Thơ 
260 |b Trường Đại học Cần Thơ 
260 |c 2015 
520 |a Khảo sát thức trạng và đề xuất các biện pháp rèn luyện kỹ năng mềm cho sinh viên Đại học Cần Thơ 
650 |a Student activities,Student social work,Soft skills,Hoạt động của sinh viên,Công tác xã hội của sinh viên,Kỹ năng mềm 
904 |i Nguyễn Duy Khang,Qhieu 
915 |a SP 
980 |a Trung tâm Học liệu Trường Đại học Cần Thơ